|
|
|
|
| LEADER |
01341nam a22002537a 4500 |
| 001 |
33130 |
| 003 |
BD-DhAAL |
| 005 |
20180530141006.0 |
| 008 |
180528r20181984bg ||||| |||| 00| 0 ben d |
| 999 |
|
|
|c 39445
|d 39445
|
| 020 |
|
|
|a 9789845061636
|
| 040 |
|
|
|a BD-DhAAL
|
| 082 |
|
|
|2 22
|a 891.44
|
| 100 |
|
|
|a আলী, শওকত
|9 26046
|
| 245 |
|
|
|a প্রদোষে প্রাকৃতজন /
|c শওকত আলী
|
| 246 |
|
|
|a Prodoshe prakreetojon (sons of the soil in twilight),a novel
|
| 250 |
|
|
|a এয়োদশ মুদ্রণ
|
| 260 |
|
|
|a ঢাকা :
|b দি ইউনিভার্সিটি প্রেস লিমিটেড
|c c১৯৮৪ [এয়োদশ মুদ্রণ ২০১৮]
|
| 300 |
|
|
|a ১৯৭ পৃষ্টা ;
|c ২২ সে.মি.
|
| 650 |
|
|
|a Bengali fiction
|9 26047
|
| 852 |
|
|
|a Ayesha Abed Library
|c General Stacks
|
| 942 |
|
|
|2 ddc
|c BK
|
| 952 |
|
|
|0 0
|1 0
|2 ddc
|4 0
|6 891_440000000000000_ALI
|7 0
|9 63439
|a BRACUL
|b BRACUL
|c GEN
|d 2018-05-27
|e The University Press Limited
|g 206.25
|l 5
|m 50
|o 891.44 ALI
|p 3010033130
|r 2025-08-17
|s 2025-07-02
|t 2
|v 275.00
|w 2018-05-27
|y BK
|
| 952 |
|
|
|0 0
|1 0
|2 ddc
|4 0
|6 891_440000000000000_ALI
|7 0
|9 63440
|a BRACUL
|b BRACUL
|c GEN
|d 2018-05-27
|e The University Press Limited
|g 206.25
|l 9
|m 87
|o 891.44 ALI
|p 3010033129
|q 2026-06-02
|r 2026-05-11
|s 2026-05-11
|t 1
|v 275.00
|w 2018-05-27
|y BK
|